| 000 | 00996nam a2200253Ia 4500 | ||
|---|---|---|---|
| 003 | GCL | ||
| 008 | 140319s9999 xx 000 0 ara d | ||
| 020 | _a7773279953 | ||
| 040 |
_aGCL / _cGCL |
||
| 082 | 0 | 4 |
_a327.1 _bف ع |
| 100 | 1 | _aفريدمان, توماس | |
| 245 | 1 | 0 |
_aالعالم مسطح : تاريخ موجز للقرن الواحد والعشرين / _cفريدمان, توماس |
| 250 | _aالاولى | ||
| 260 |
_aبيروت : _bدار الكتاب العربى ، _c2006 |
||
| 300 |
_a511ص ؛ _c24سم |
||
| 650 | 0 | 4 | _aالسياسة الدولية |
| 650 | 0 | 4 | _aالعلوم السياسية |
| 650 | 0 | 4 | _aالتكنولوجيا والدولة |
| 650 | 0 | 4 | _aالدول النامية -الاحوال السياسية |
| 650 | 0 | 4 | _aالدول النامية - السياسة الاقتصادية |
| 650 | 0 | 4 | _aالشركات - تنظيم و ادارة |
| 650 | 0 | 4 | _aالولايات المتحدة الامريكية - التجارة الحرة |
| 942 |
_2ddc _cBK |
||
| 999 |
_c8137 _d8137 |
||